| 000 | 00861cam a2200265 a 4500 | ||
|---|---|---|---|
| 001 | 4771366 | ||
| 003 | ARRUPE | ||
| 005 | 20161129115421.0 | ||
| 008 | 861126s1987 nyu b 000 0 eng | ||
| 010 | _a 86032052 | ||
| 020 |
_a0936839279 (pbk.) : _c$12.95 |
||
| 040 |
_aDLC _cDLC _dDLC |
||
| 043 | _an-us--- | ||
| 050 | 0 | 0 | _aPN2270.A35T48 1987 |
| 082 | 0 | 0 |
_a792/.0973 _219 |
| 100 |
_aHill, Errol _927694 |
||
| 245 | 0 | 4 |
_aThe Theatre of Black Americans : _ba collection of critical essays / _cedited by Errol Hill. |
| 260 |
_aNew York, NY : _bApplause, _cc1987. |
||
| 300 |
_aviii, 363 p.; _c21 cm. |
||
| 650 | 0 |
_aAfrican American theater. _927695 |
|
| 650 | 0 |
_aAmerican drama _xAfrican American authors _xHistory and criticism. _924931 |
|
| 700 | 1 |
_aHill, Errol. _927694 |
|
| 906 |
_a7 _bcbc _corignew _d1 _eocip _f19 _gy-gencatlg |
||
| 942 |
_2lcc _cMONOGRAPH |
||
| 999 |
_c125809 _d125809 |
||